El Desierto de Atacama y el territorio reivindicado: colección de artículos político-industriales publicados en la prensa de Antofagasta en 1876 a 82

Saved in:
Bibliografiske detaljer
Hovedforfatter: Rojas Delgado, Matías (Author)
Format: Bog
Sprog:spansk
Udgivet: Santiago Cámara Chilena de la Construcción 2011
Serier:Biblioteca Fundamentos de la Construcción de Chile, 48
Fag:
Tags: Tilføj Tag
Ingen Tags, Vær først til at tagge denne postø!

MARC

LEADER 00000cam a2200000 a 4500
001 UCF2588
003 CL-VaPUC
005 20220221132141.0
008 120830e20110000CL |||||||||||||||||spa|d
999 |c 349130  |d 349128 
020 |a 9789568306786 
040 |c Pontificia Universidad Católica de Valparaíso 
082 0 4 |a 918.314 ROJ 2011  |2 21 
100 0 |a Rojas Delgado, Matías  |e author  |9 564291 
245 1 3 |a El Desierto de Atacama y el territorio reivindicado:  |b  colección de artículos político-industriales publicados en la prensa de Antofagasta en 1876 a 82 
260 |a Santiago  |b Cámara Chilena de la Construcción  |c 2011 
300 |a 373 páginas 
490 0 |a Biblioteca Fundamentos de la Construcción de Chile,  |v  48 
583 |a last modification  |c 20120928 11:08:20  |k Rodrigo Vera 
650 7 |a DESIERTOS  |2 CL-VaPUC  |9 357427 
650 0 |a Prensa escrita  |z CHILE  |9 332803 
650 7 |a HISTORIA DE CHILE  |2 CL-VaPUC  |9 445859  |y 1876-1881 
651 0 |a Desierto de Atacama  |z CHILE  |9 443691 
852 |a BIBCUR 
942 |c BK  |2 ddc 
945 |d 20120830 00:00:00  |a dcastane 
952 |0 0  |1 0  |2 ddc  |4 0  |6 918_314000000000000_ROJ_2011  |7 0  |8 A  |9 451587  |a BIBHIS  |b BIBHIS  |d 2019-11-22  |i 4895177  |o 918.314 ROJ 2011  |p 4895177  |r 2025-01-20  |t 1  |w 2019-11-22  |y BK  |k HIS